000 00615nam a2200181Ia 4500
008 100920s9999 xx 000 0 und d
082 _b57456
_a--- थ 91
100 _aराजे नयना.
245 _aमी जिंकले मी हरले.
260 _bनवचैतन्य प्रकाशन, मुंबई.
_c1991
300 _a164
_bसाधी
365 _b50
520 _aकादंबरी.
630 _aमी जिंकले मी हरले.
650 _aकादंबरी.
730 _aमी जिंकले मी हरले.
942 _cBOOK
999 _c701303
_d701300